1083 1733 1484 1726 1993 1405 1559 1697 1214 1321 1999 1815 1417 1249 1880 1336 1630 1406 1346 1253 1327 1951 1837 1522 1049 1548 1499 1337 1407 1113 1059 1250 1519 1802 1789 1203 1714 1002 1803 1600 1367 1900 1510 1783 1823 1204 1346 1571 1110 1730 1428 1014 1087 1691 1541 1742 1438 1774 1878 1866 1453 1582 1523 1664 1525 1532 1326 1093 1563 1304 1074 1011 1687 1461 1341 1264 1395 1593 1999 1551 1651 1475 1630 1391 1353 1296 1741 1941 1092 1992 1728 1229 1102 1041 1079 1623 1677 1707 1667 BCNSPRNW ULIB Ver.6.0+V

เปลี่ยนเป็นภาษาไทย

Change to English
 แสดงรายละเอียดบรรณานุกรม
  กลับหน้าหลัก

Brief Record : Get Marc (ISO 2709) : E-mail record : QR code < ปิดหน้าต่าง
LEADER : 00000nam 2200000uu 4500
001    13399126848
003     ULIB
008    020711s|||| th a 000 0 tha d
060    วจ^aWY162^bว242ก
100    ^aวรรณี จิวสืบพงษ์.
245    ^aการศึกษาพฤติกรรมการบริโภคอาหารของผู้ป่วยที่มีภาวะไตเสื่อมจากเบาหวาน อำเภอเมือง จังหวัดนครสวรรค์.
260    ^aนครสวรรค์ :^bวิทยาลัยพยาบาลบรมราชชนนีสวรรค์ประชารักษ์ นครสวรรค์,^cม.ป.ป.
650    ^aไต
650    ^aเบาหวาน
945    ^p0^l0^i005507
999    ^aประนอม เกษจรัล
รายการนี้ยังไม่มีแท็ก
คุณยังไม่ได้ล็อกอิน คุณสามารถมีกิจกรรมร่วมกับเว็บไซต์ได้ แต่ต้องล็อกอินก่อน ::
  ล็อกอิน

รายการสื่อสารสนเทศ

ลำดับที่ ประเภท เลขเรียก/บาร์โค้ด สถานที่ สถานะ
1. Book การพยาบาล
Book การพยาบาล
วจ WY162 ว242ก ฉ.1 
  Barcode: 005507
ห้องสมุดวิทยาเขตสวรรค์ประชารักษ์
►หนังสือทั่วไป
บนชั้น

รายการใกล้เคียง
    หัวเรื่อง [ไต]
    หัวเรื่อง [เบาหวาน]

BibComment


ยังไม่เคยถูกคอมเมนท์

คอมเมนท์ทรัพยากรรายการนี้
  คอมเมนท์: การศึกษาพฤติกรรม..


 Copyright 2026. Bcnsprnw @Library